LEADER 00869nam0-22002891i-450- 001 990001742250403321 005 20160502115947.0 035 $a000174225 035 $aFED01000174225 035 $a(Aleph)000174225FED01 035 $a000174225 100 $a20030910d1937----km-y0itay50------ba 101 0 $aita 102 $aIT 200 1 $aAnton Maria Lorgna$ememorie pubblicate nel secondo centenario dalla nascita$fa cura dell'Accademia di agricoltura science lettere di Verona 210 $aVerona$cLa Tipografica Veronese$d1937 215 $a187 p.$d25 cm 610 0 $aLorgna, Antonio Maria$aBiografia 676 $a925 702 1$aLorgna,$bAntonio Maria 801 0$aIT$bUNINA$gRICA$2UNIMARC 901 $aBK 912 $a990001742250403321 952 $a60 925 B 6$b8186$fFAGBC 959 $aFAGBC 996 $aAnton Maria Lorgna$9366192 997 $aUNINA LEADER 01238nam a2200349 i 4500 001 991000941839707536 005 20020507180253.0 008 950724s1981 de ||| | eng 020 $a3540105573 035 $ab10778895-39ule_inst 035 $aLE01304637$9ExL 040 $aDip.to Matematica$beng 082 0 $a515.353 084 $aAMS 34G20 084 $aAMS 35K55 084 $aAMS 58D25 100 1 $aHenry, Dan$040596 245 10$aGeometric theory of semilinear parabolic equations /$cDan Henry 260 $aBerlin :$bSpringer-Verlag,$c1981 300 $aiv, 348 p. :$bill. ;$c25 cm. 490 0 $aLecture notes in mathematics,$x0075-8434 ;$v840 500 $aBibliography: p. [335]-342. 500 $aIncludes index 650 4$aNonlinear equations 650 4$aParabolic differential equations 650 4$aPartial differential equations of special type 907 $a.b10778895$b23-02-17$c28-06-02 912 $a991000941839707536 945 $aLE013 35K HEN11 (1981)$g1$i2013000033167$lle013$o-$pE0.00$q-$rl$s- $t0$u10$v5$w10$x0$y.i10878269$z28-06-02 996 $aGeometric Theory of Semilinear Parabolic Equations$9348171 997 $aUNISALENTO 998 $ale013$b01-01-95$cm$da $e-$feng$gde $h0$i1